| 000 | 01081nam a2200325 i 4500 | ||
|---|---|---|---|
| 001 | 214264 | ||
| 003 | OSt | ||
| 005 | 20180921 | ||
| 008 | 0000002013 AD 0000000000spa00 | ||
| 245 |
_aPrograma de Alfabetización para adolescentes y adultos del Municipio Hato Mayor del Rey 2013 _cDarlin Augusto Mercedes Quezada ... [et al.] ; asesores Betty del Villar Pichardo, María Díaz Solís |
||
| 260 |
_aSan Pedro de Macorís : _bUniversidad Central del Este |
||
| 300 | _a1 v. (en varias paginaciones) | ||
| 502 | _aTesis (Licenciado en Educación, Mención Ciencias Físicas y Matemáticas) -- Universidad Central del Este, 2013 | ||
| 504 | _aIncluye bibliografía e índice | ||
| 505 | _aMonográfico : Programa de alfabetización de jóvenes y adultos mediante el plan de alfabetización Quisqueya Aprende Contigo y la Universidad Central del Este | ||
| 650 |
_aAlfabetismo _aAlfabetización (Educación _aAlfabetización de adultos _aLectura para recién alfabetizados _aTC6574 _aTesis y disertaciones académicas |
||
| 700 |
_aDíaz Solís, María, ases _aReyes Mejía, Juan Andrés _aReyes Silvestre, Francis Lilibeth Argentina _aVásquez Dirocié, Adalfilia _aVillar Pichardo, Betty del, ases |
||
| 040 |
_aDLC _cDLC |
||
| 942 |
_2ddc _cTH |
||
| 999 |
_c214264 _d21426400 |
||